000 00438nam a2200157Ia 4500
008 241217s9999||||xx |||||||||||||| ||und||
020 _a9782940361670
_c180
040 _beng
_cSSK Library
_erda
082 _a741.24/DRE
100 _a John T. Drew & Sarah A. Meyer
245 0 _aColor Management For Packaging
260 _b Rotovision
_c©2008
942 _2Dewey Decimal Classification
_cBOOK
_nNo
999 _c19418
_d19418
003 OSt
005 20241217112724.0